| 000 | 00698nam a22001937a 4500 | ||
|---|---|---|---|
| 005 | 20130610164129.0 | ||
| 010 | _aB-524174-175 | ||
| 020 |
_a9788131733691 _c250.00 |
||
| 035 | _aB-524174-175 | ||
| 037 |
_adpl _bK.K.Pub/Ven |
||
| 082 | _a000 | ||
| 100 | _aThorpe, Edgar | ||
| 245 |
_aThe pearson guide to the Bank Clerical Recruitment Examination/ _cby Edgar Thorpe and Showick Thorpe |
||
| 260 |
_aNew Dekhi _bPearson _c2010 |
||
| 270 |
_a11 Community Centre, Panchsheel park, _bNew Delhi _e110017 |
||
| 300 |
_a671p. _bill. _c23cm(pbk) |
||
| 942 |
_2ddc _cEN _h000 _mTHO |
||
| 999 |
_c76556 _d76556 |
||